Normal view
MARC view
- Żak, Stanislaw H
Entry Corporate Name
001 - CONTROL NUMBER
- control field: 98746
003 - CONTROL NUMBER IDENTIFIER
- control field: NUST
005 - DATE AND TIME OF LATEST TRANSACTION
- control field: 20220901115620.0
008 - FIXED-LENGTH DATA ELEMENTS
- fixed length control field: 220901|| aca||aabn | a|a d
040 ## - CATALOGING SOURCE
- Original cataloging agency: NUST
- Transcribing agency: NUST
110 ## - HEADING--CORPORATE NAME
- Corporate name or jurisdiction name as entry element: Żak, Stanislaw H
670 ## - SOURCE DATA FOUND
- Source citation: Work cat.: (NUST): Chong, Edwin Kah Pin 98745, An Introduction to Optimization, 2013.
